[Event "Bassano del Grappa Vergani Cup"]
[Site "Bassano del Grappa"]
[Date "2023.02.03"]
[Round "5"]
[White "Wahlgreen, Noah Krug"]
[Black "Levesque, Guillaume"]
[Result "1/2-1/2"]
[WhiteElo "2030"]
[BlackElo "1902"]
[PlyCount "90"]
[EventDate "2023.02.01"]
[EventType "swiss"]
[EventRounds "9"]
[EventCountry "ITA"]
[SourceTitle "CBM 212 Extra"]
[Source "ChessBase"]
[SourceDate "2023.03.31"]
[SourceVersion "1"]
[SourceVersionDate "2023.03.31"]
[SourceQuality "1"]

1. e4 c6 2. d4 d5 3. exd5 cxd5 4. c3 Nc6 5. Bd3 Qc7 6. h3 Nf6 7. Nf3 g6 8. 0-0 Bf5 9. Bg5 Ne4 10. Re1 Nxg5 11. Nxg5 Bxd3 12. Qxd3 Bg7 13. Nd2 0-0 14. Nb3 Rad8 15. Nf3 e6 16. Qd2 Rb8 17. Nc5 Rbc8 18. Nd3 Na5 19. Re2 Nc4 20. Qc2 Nd6 21. Rae1 Qa5 22. a3 Qc7 23. Nfe5 Nc4 24. f4 Nd6 25. Re3 Bxe5 26. Rxe5 Ne4 27. Nf2 f6 28. Rxe6 Qd7 29. R1xe4 dxe4 30. Qb3 Kg7 31. Nxe4 Rce8 32. Nc5 Qf7 33. d5 b6 34. Rxe8 Rxe8 35. Ne6+ Kg8 36. c4 Qe7 37. Qa4 Rc8 38. Qa6 Qd7 39. b4 Re8 40. Kf2 Re7 41. c5 Qxd5 42. Qc8+ Kf7 43. Qf8+ Kxe6 44. Qg8+ Rf7 45. Qe8+ Re7 1/2-1/2

[Event "Bassano del Grappa Vergani Cup"]
[Site "Bassano del Grappa"]
[Date "2023.02.02"]
[Round "3"]
[White "Kalaiyalahan, Akshaya"]
[Black "Wahlgreen, Noah Krug"]
[Result "1-0"]
[WhiteElo "2148"]
[BlackElo "2030"]
[PlyCount "53"]
[EventDate "2023.02.01"]
[EventType "swiss"]
[EventRounds "9"]
[EventCountry "ITA"]
[SourceTitle "CBM 212 Extra"]
[Source "ChessBase"]
[SourceDate "2023.03.31"]
[SourceVersion "1"]
[SourceVersionDate "2023.03.31"]
[SourceQuality "1"]

1. Nf3 Nf6 2. g3 g6 3. Bg2 Bg7 4. d4 0-0 5. c4 d6 6. Nc3 Nc6 7. 0-0 a6 8. Qc2 Bg4 9. Rd1 Qc8 10. d5 Nb4 11. Qb1 a5 12. a3 Na6 13. Nd4 Bd7 14. b4 axb4 15. axb4 c5 16. dxc6 Bxc6 17. Nxc6 bxc6 18. b5 Nd7 19. Bd2 Nac5 20. Rxa8 Qxa8 21. Bxc6 Qa3 22. Nd5 e6 23. Ne7+ Kh8 24. Bxd7 Nxd7 25. Bb4 Qa4 26. Rxd6 Nb8 27. Rd3 1-0

[Event "Bronshoj Autumn Gr-1"]
[Site "Copenhagen"]
[Date "2022.11.24"]
[Round "3"]
[White "Petersen, Steen Brustrup"]
[Black "Wahlgreen, Noah Krug"]
[Result "1/2-1/2"]
[WhiteElo "2097"]
[BlackElo "2099"]
[PlyCount "135"]
[EventDate "2022.10.27"]
[EventType "tourn"]
[EventRounds "5"]
[EventCountry "DEN"]
[SourceTitle "EXT 2024"]
[Source "ChessBase"]
[SourceDate "2023.10.10"]
[SourceVersion "1"]
[SourceVersionDate "2023.10.10"]
[SourceQuality "1"]

1. e4 c6 2. Nf3 d5 3. exd5 cxd5 4. Ne5 Nc6 5. d4 Nf6 6. Bb5 Qa5+ 7. Nc3 Qb6 8. 0-0 e6 9. a4 Be7 10. a5 Qc7 11. a6 0-0 12. axb7 Bxb7 13. Nxc6 Bxc6 14. Qd3 Bxb5 15. Nxb5 Qb6 16. Bf4 Rfc8 17. Ra2 Rc4 18. b3 Rb4 19. c4 a6 20. Bd2 dxc4 21. bxc4 Rd8 22. Bxb4 Bxb4 23. Qb1 Bf8 24. Nc3 Qxb1 25. Rxb1 Rxd4 26. Rxa6 Rxc4 27. Ne2 g6 28. Rb7 Rc2 29. Kf1 Bc5 30. Ra8+ Kg7 31. Rc8 Ne4 32. Rbc7 Rd2 33. g3 Bxf2 34. Rc4 Nd6 35. Kxf2 Nxc8 36. Rxc8 h5 37. Rc7 Ra2 38. Kf3 Kf6 39. h3 Rb2 40. Rc3 Rb5 41. Nd4 Rb4 42. Ne2 Rb5 43. Rc7 Rb3+ 44. Nc3 Ke5 45. Ke3 Kd6 46. Rc8 Kd7 47. Rc4 Ke7 48. Kf4 Ra3 49. Nb5 Ra6 50. Nd4 Kf6 51. Nf3 Ra1 52. g4 hxg4 53. hxg4 g5+ 54. Ke4 Ra5 55. Kd4 Rd5+ 56. Ke3 Ra5 57. Nd2 Ra3+ 58. Kd4 Kg6 59. Rc6 Rg3 60. Nc4 Rxg4+ 61. Kd3 Rg1 62. Ne5+ Kf6 63. Nd7+ Ke7 64. Nc5 Rd1+ 65. Ke2 Rd8 66. Ne4 f6 67. Rc7+ Rd7 68. Rxd7+ 1/2-1/2

[Event "Bronshoj Seniors Sommer"]
[Site "Copenhagen"]
[Date "2022.08.18"]
[Round "5"]
[White "Wahlgreen, Noah Krug"]
[Black "Petersen, Steen Brustrup"]
[Result "1/2-1/2"]
[WhiteElo "2063"]
[BlackElo "2060"]
[PlyCount "60"]
[EventDate "2022.08.18"]
[EventType "tourn"]
[EventRounds "7"]
[EventCountry "DEN"]
[SourceTitle "EXT 2024"]
[Source "ChessBase"]
[SourceDate "2023.10.10"]
[SourceVersion "1"]
[SourceVersionDate "2023.10.10"]
[SourceQuality "1"]

1. d4 d5 2. Bf4 Nf6 3. e3 c5 4. Nf3 Nc6 5. Nbd2 Qb6 6. dxc5 Qxb2 7. Rb1 Qc3 8. Bb5 Qxc5 9. 0-0 Ne4 10. Nxe4 dxe4 11. Ne5 Be6 12. Bxc6+ bxc6 13. Rb7 f6 14. Nd7 Qf5 15. Nb8 Bc8 16. Qb1 e5 17. Bg3 Bd6 18. Nxc6 Bxb7 19. Qxb7 0-0 20. Qe7 Bxe7 21. Nxe7+ Kf7 22. Nxf5 Rfd8 23. f4 exf3 24. gxf3 g6 25. Nh6+ Ke6 26. Ng4 Rd2 27. Rf2 Rd1+ 28. Rf1 Rd2 29. Rf2 Rd1+ 30. Rf1 Rd2 1/2-1/2

[Event "Norway Chess op-A"]
[Site "Stavanger"]
[Date "2022.06.07"]
[Round "6"]
[White "Eric, Jovana"]
[Black "Wahlgreen, Noah Krug"]
[Result "1-0"]
[WhiteElo "2301"]
[BlackElo "2015"]
[PlyCount "109"]
[EventDate "2022.06.03"]
[EventType "swiss"]
[EventRounds "9"]
[EventCountry "NOR"]
[SourceTitle "CBM 208 Extra"]
[Source "ChessBase"]
[SourceDate "2022.07.31"]
[SourceVersion "1"]
[SourceVersionDate "2022.07.31"]
[SourceQuality "1"]

1. e4 c6 2. d4 d5 3. exd5 cxd5 4. Bd3 Nc6 5. c3 Nf6 6. h3 g6 7. Nf3 Bf5 8. Be2 Bg7 9. 0-0 Qc7 10. Re1 0-0 11. Be3 h6 12. Nbd2 Rad8 13. Rc1 a6 14. a4 Ne4 15. Nh4 Be6 16. c4 Nxd2 17. Qxd2 dxc4 18. Bxc4 Bxc4 19. Rxc4 Rd5 20. Qc1 Qd6 21. Nf3 g5 22. h4 g4 23. Ne5 Nxd4 24. Bxd4 Rxd4 25. Nxg4 Rxc4 26. Qxc4 h5 27. Ne3 e6 28. b3 Qd4 29. Qc7 b5 30. axb5 axb5 31. Qg3 Ra8 32. Kh2 Ra2 33. Rd1 Qb2 34. Qb8+ Kh7 35. Qxb5 Be5+ 36. Kh1 Ra3 37. Qd3+ Kg7 38. Nc4 Qxf2 39. Nxa3 Qxh4+ 40. Qh3 Qg5 41. Nc4 Bg3 42. Nd2 h4 43. Ne4 Qh5 44. Rf1 Qg6 45. Nxg3 hxg3 46. Qh4 Kf8 47. b4 Qd3 48. Qh6+ Ke8 49. Rc1 Kd7 50. Qh8 Qd2 51. Rf1 Qxb4 52. Rxf7+ Kc6 53. Qe8+ Kd5 54. Rd7+ Ke5 55. Qh5+ 1-0

[Event "DEN-ch U14 rapid"]
[Site "Odense"]
[Date "2021.10.01"]
[Round "1"]
[White "Wahlgreen, Noah Krug"]
[Black "Li, Nikolaj"]
[Result "1-0"]
[WhiteElo "1794"]
[BlackElo "1288"]
[PlyCount "71"]
[EventDate "2021.10.01"]
[EventType "swiss"]
[EventRounds "5"]
[EventCountry "DEN"]
[SourceTitle "EXT 2024"]
[Source "ChessBase"]
[SourceDate "2023.10.10"]
[SourceVersion "1"]
[SourceVersionDate "2023.10.10"]
[SourceQuality "1"]

1. b3 d5 2. Bb2 c5 3. e3 Nf6 4. Nf3 Bg4 5. Be2 a6 6. 0-0 Nbd7 7. c4 e6 8. d4 Qc7 9. cxd5 Nxd5 10. dxc5 Nxc5 11. h3 Bf5 12. Nbd2 Bd6 13. Nc4 0-0 14. Nxd6 Qxd6 15. Qd4 f6 16. Ba3 Rfc8 17. e4 Bxe4 18. Bxc5 Rxc5 19. Qxe4 Nc3 20. Qe3 Rac8 21. Bc4 Nd5 22. Bxd5 Rxd5 23. Rfe1 e5 24. Rac1 Rd8 25. Qc3 Qa3 26. Qc4 Qxa2 27. Red1 b5 28. Rxd5 bxc4 29. Rxd8+ Kf7 30. bxc4 Ke7 31. Rdd1 Qa4 32. c5 Qc6 33. Rd6 Qc8 34. Rb6 a5 35. c6 Qc7 36. Rb7 1-0

[Event "EU Union-ch U14 18th"]
[Site "Mureck"]
[Date "2021.08.11"]
[Round "8"]
[White "Wahlgreen, Noah Krug"]
[Black "Hald Falkesgaard, Jeppe"]
[Result "0-1"]
[WhiteElo "1817"]
[BlackElo "1957"]
[PlyCount "80"]
[EventDate "2021.08.04"]
[EventType "swiss"]
[EventRounds "9"]
[EventCountry "AUT"]
[SourceTitle "EXT 2022"]
[Source "ChessBase"]
[SourceDate "2021.10.06"]
[SourceVersion "1"]
[SourceVersionDate "2021.10.06"]
[SourceQuality "1"]

1. d4 Nf6 2. Nc3 c5 3. d5 d6 4. e4 g6 5. Bg5 Bg7 6. Qd2 0-0 7. 0-0-0 Re8 8. h4 a6 9. h5 b5 10. hxg6 fxg6 11. f3 Nbd7 12. g4 b4 13. Nce2 Qa5 14. Kb1 Nb6 15. Nf4 Na4 16. Bc4 Nxb2 17. Bxf6 Nxc4 18. Qh2 exf6 19. Qxh7+ Kf7 20. Qxg6+ Kf8 21. Nh5 Qc7 22. Nxf6 Qf7 23. Qxf7+ Kxf7 24. Nxe8 Kxe8 25. Ne2 Bd7 26. Ng3 Ba4 27. Nf5 Be5 28. f4 Na3+ 29. Kc1 Bxf4+ 30. Rd2 Bxd2+ 31. Kxd2 Nc4+ 32. Kc1 Kf7 33. Rh7+ Kf6 34. Rg7 Rh8 35. g5+ Ke5 36. Re7+ Kf4 37. Nh6 Kxg5 38. Nf7+ Kf6 39. Nxh8 Kxe7 40. Ng6+ Kf6 0-1

[Event "Wch FIDE Online U14 Europe qual"]
[Site "Tornelo INT"]
[Date "2020.12.08"]
[Round "3"]
[White "Wahlgreen, Noah Krug"]
[Black "Rousis, Chrysostomos"]
[Result "1-0"]
[WhiteElo "1432"]
[BlackElo "1602"]
[PlyCount "121"]
[EventDate "2020.12.07"]
[EventType "swiss (rapid)"]
[EventRounds "7"]
[EventCountry "ISS"]
[SourceTitle "EXT 2022"]
[Source "ChessBase"]
[SourceDate "2021.10.06"]
[SourceVersion "1"]
[SourceVersionDate "2021.10.06"]
[SourceQuality "1"]

1. Nf3 Nf6 2. b3 e6 3. Bb2 d5 4. e3 Be7 5. Be2 0-0 6. 0-0 b6 7. d4 Bb7 8. c4 Nbd7 9. Nc3 Rc8 10. Rc1 c5 11. cxd5 exd5 12. Qd2 Bd6 13. Rfd1 Qe7 14. h3 Rfe8 15. a4 Bb8 16. a5 Ne4 17. Nxe4 dxe4 18. Nh2 Qh4 19. Bb5 Bc6 20. Bxc6 Rxc6 21. dxc5 Nxc5 22. b4 Rd6 23. Qc3 Rxd1+ 24. Rxd1 Ne6 25. Nf1 Qe7 26. Nd2 Rd8 27. Rc1 Qd6 28. Nf1 Qd3 29. Qc6 Qb3 30. Bc3 bxa5 31. bxa5 Qd5 32. Qxd5 Rxd5 33. Bb4 Bc7 34. Ng3 f5 35. Rc6 Bxg3 36. fxg3 Rb5 37. Bc3 Rb1+ 38. Kh2 Ng5 39. Rc8+ Kf7 40. Rc7+ Ke6 41. Rxg7 Rc1 42. Bd4 Nf7 43. Rxh7 Rc2 44. Rg7 Ne5 45. Bxe5 Kxe5 46. Rxa7 Re2 47. Re7+ Kd5 48. h4 Rxe3 49. h5 Kd6 50. h6 Kxe7 51. h7 Ra3 52. h8Q Rd3 53. Qe5+ Kf7 54. Qxf5+ Kg8 55. Qg6+ Kf8 56. a6 Rd8 57. a7 Ke7 58. Qb6 Rc8 59. Qb7+ Kd8 60. Qxc8+ Kxc8 61. a8Q+ 1-0

[Event "DEN-ch U14 rapid"]
[Site "Odense"]
[Date "2020.11.20"]
[Round "4"]
[White "Wehding, Anton Bonsvig"]
[Black "Wahlgreen, Noah Krug"]
[Result "0-1"]
[WhiteElo "1390"]
[BlackElo "1905"]
[PlyCount "84"]
[EventDate "2020.11.20"]
[EventType "swiss"]
[EventRounds "5"]
[EventCountry "DEN"]
[SourceTitle "EXT 2024"]
[Source "ChessBase"]
[SourceDate "2023.10.10"]
[SourceVersion "1"]
[SourceVersionDate "2023.10.10"]
[SourceQuality "1"]

1. d4 c5 2. d5 Nf6 3. c4 d6 4. Nf3 g6 5. Nc3 Bf5 6. Bg5 Bg7 7. Qb3 Qc7 8. Nb5 Qd7 9. g3 0-0 10. Bg2 Ne4 11. 0-0 Na6 12. Bf4 Bh3 13. Nd2 Nxd2 14. Bxd2 Bxg2 15. Kxg2 e6 16. e4 e5 17. a3 Nb8 18. Qd3 a6 19. Nc3 Qe7 20. b4 Nd7 21. Be3 b6 22. Na4 f5 23. Rae1 f4 24. Bd2 f3+ 25. Kh1 g5 26. Qe3 h6 27. h3 Qf7 28. Kh2 Qh5 29. Rh1 Kf7 30. g4 Qh4 31. Qxf3+ Ke7 32. Qg3 Rxf2+ 33. Qg2 Rxg2+ 34. Kxg2 h5 35. Ref1 hxg4 36. Rf5 gxh3+ 37. Rxh3 Qxe4+ 38. Rff3 g4 39. Nc3 gxf3+ 40. Rxf3 Qxc4 41. Rg3 Kf7 42. Rf3+ Nf6 0-1